000 00380nam a2200145 i 4500
001 bg
100 1 _aKASPRZYK, Maria
245 0 _aEnglish for Shipbuilding Students and Others /
_cMaria Kasprzyk, Andrzej Zborowski.
260 _aGdaƄsk,
_c1975.
700 1 _aZBOROWSKI, Andrzej
040 _cBPK
041 _apol
942 _cKS
008 s pl f |000 0 pol
999 _c16381
_d16381
856 _uhttp://koha.tu.koszalin.pl/cgi-bin/koha/opac-detail.pl?biblionumber=16381
_yKatalog online BPK